000 00592nam a2200217Ii 4500
003 JO-AjNU
008 230606s9999||||xx |||||||||||||| ||und||
020 _a1-292-05876-5
040 _aJO-AjNU
_beng
_erda
_cJO-AjNU
041 _aeng
050 1 4 _aQA276.12.T776.2015
100 3 _aTriola,Mario,
_eauthor
_94467
245 0 0 _aEssential of Statistics
250 _a5 ed
264 3 1 _aNew york:pearson,2015
300 _a688p
336 _atext
_btxt
_2rdacontent
337 _aunmediated
_bn
_2rdamedia
338 _avolume
_bnc
_2rdacarrier
650 4 _aEssential of Statistics
_94468
999 _aE2319
_c2317
_d2317